Statistics for The Seven Continents

Click here to take the quiz!

General Stats

  • This quiz has been taken 932 times
    (920 since last reset)
  • The average score is 6 of 7

Answer Stats

Answer% Correct
North America
92%
Asia
91%
South America
90%
Africa
88%
Europe
87%
Antarctica
56%
Oceania
55%

Score Distribution

Percentile by Number Answered

Percent of People with Each Score

Your Score History

You have not taken this quiz since the last reset